=LDR 00000nam 2200000 4500 =001 INLIS000000000024478 =005 20130612123048 =008 ***********************************Ind** =035 ##$$0010-061300000024478 =041 ##$$a Ind =082 ##$$a 658.81 =090 ##$$a 658.81, Cip s =100 ##$$a Ciptono, Fandy =245 ##$$a Strategi pemasaran, Fandy Tjiptono =260 ##$$a 1997 $b Yogyakarta =300 ##$$a xvi, 373 hlm, 28 cm =650 ##$$a Pemasaran =850 ##$$a NBPNMAT =990 ##$$a 0001/BPAP-NTB/20142014